书目信息 |
| 题名: |
从收容到救助的制度变迁过程研究
|
|
| 作者: | 胡杰容 著 | |
| 分册: | ||
| 出版信息: | 北京 法律出版社 2013 |
|
| 页数: | 281页 | |
| 开本: | 21cm | |
| 丛书名: | ||
| 单 册: | ||
| 中图分类: | D632.1 | |
| 科图分类: | ||
| 主题词: | 城市--乞丐--社会救济--福利制度--研究--中国 , 城市 , 乞丐 , 社会救济 , 福利制度 | |
| 电子资源: | ||
| ISBN: | 978-7-5118-5061-4 | |
| 000 | 01173nam0 2200301 450 | |
| 001 | 523 | |
| 005 | 20140905100700.46 | |
| 010 | @a978-7-5118-5061-4@dCNY35.00 | |
| 100 | @a20130916d2013 em y0chiy50 ea | |
| 101 | 0 | @achi |
| 102 | @aCN@b110000 | |
| 105 | @aa z 000yy | |
| 106 | @ar | |
| 200 | 1 | @a从收容到救助的制度变迁过程研究@ACong Shou Rong Dao Jiu Zhu De Zhi Du Bian Qian Guo Cheng Yan Jiu@e场域与惯习关系的视角@EChang Yu Yu Guan Xi Guan Xi De Shi Jiao@f胡杰容著@FHu Jie Rong Zhu |
| 210 | @a北京@c法律出版社@d2013 | |
| 215 | @a281页@c图@d21cm | |
| 300 | @a本书获得中国政法大学校级人文社会科学研究项目资助 | |
| 330 | @a本书以《城市流浪乞讨人员收容遣送办法》的废止、《城市生活无着的流浪乞讨人员救助管理办法》的颁行这一制度变迁过程为个案,探讨中国社会转型时期制度变迁的过程及其特点。 | |
| 517 | 1 | @a场域与惯习关系的视角@AChang Yu Yu Guan Xi Guan Xi De Shi Jiao |
| 606 | 0 | @a城市@x乞丐@x社会救济@x福利制度@x研究@y中国 |
| 606 | 0 | @a城市 |
| 606 | 0 | @a乞丐 |
| 606 | 0 | @a社会救济 |
| 606 | 0 | @a福利制度 |
| 690 | @aD632.1@v5 | |
| 701 | 0 | @a胡杰容@AHu Jie Rong@c(女,@f1976~)@4著 |
| 801 | 0 | @aCN@bTANGWEI@c20140603 |
| 905 | @b0841463-65@dD632.1@e206@f3 | |
| 从收容到救助的制度变迁过程研究:场域与惯习关系的视角/胡杰容著.-北京:法律出版社,2013 |
| 281页:图;21cm |
| 本书获得中国政法大学校级人文社会科学研究项目资助 |
| ISBN 978-7-5118-5061-4:CNY35.00 |
| 本书以《城市流浪乞讨人员收容遣送办法》的废止、《城市生活无着的流浪乞讨人员救助管理办法》的颁行这一制度变迁过程为个案,探讨中国社会转型时期制度变迁的过程及其特点。 |
| ● |
| 相关链接 |
|
|
|
|
正题名:从收容到救助的制度变迁过程研究
索取号:D632.1/206
 
预约/预借
| 序号 | 登录号 | 条形码 | 馆藏地/架位号 | 状态 | 备注 |
| 1 | 0841463 | 208414633 | 第一样本阅览室/ [索取号:D632.1/206] | 在馆 | |
| 2 | 0841464 | 208414642 | 密集书库-史法系/ [索取号:D632.1/206] | 在馆 | |
| 3 | 0841465 | 208414651 | 第一借阅区/ [索取号:D632.1/206] | 在馆 |